Introduction to automata theory, languages and computation (Record no. 173566)

MARC details
000 -LEADER
fixed length control field 00435nam a2200145Ia 4500
008 - FIXED-LENGTH DATA ELEMENTS--GENERAL INFORMATION
fixed length control field 231217s9999 xx 000 0 und d
041 ## - LANGUAGE CODE
Language code of text/sound track or separate title English
082 ## - DEWEY DECIMAL CLASSIFICATION NUMBER
Classification number 001.6424 HOP R
100 ## - MAIN ENTRY--PERSONAL NAME
Personal name Hopcroft, John E Motwani, Rajeev Ullman, Jeffrey D
245 #0 - TITLE STATEMENT
Title Introduction to automata theory, languages and computation
250 ## - EDITION STATEMENT
Edition statement 2nd ed.
260 ## - PUBLICATION, DISTRIBUTION, ETC.
Date of publication, distribution, etc. 2001
Name of publisher, distributor, etc. Pearson Education (Singapore)
Place of publication, distribution, etc. DELHI
300 ## - PHYSICAL DESCRIPTION
Extent xiv+521
942 ## - ADDED ENTRY ELEMENTS (KOHA)
Koha item type Books
Holdings
Date last seen Total checkouts Full call number Accession number Price effective from Category Lost status Damaged status Department Withdrawn status Home library Current library Shelving location Entry date Vendor Grants Billdate Currency symbol Conversion rate Discount Old discount
26/01/2024   001.6424 HOP R 30890 26/01/2024 Books     Information Science   Central Library Central Library Central Library 03/12/2004 Sai Books IS 17/10/2006 RS 1    

© For any Suggestions or Query, please contact the library staff @ librarian@pes.edu or Phone: +9180 2672 1983/ 2108.